Central Library || Chittagong University

Introduction to social work / (Record no. 109821)

MARC details
000 -LEADER
fixed length control field 00483nam a22001697a 4500
003 - CONTROL NUMBER IDENTIFIER
control field BD-ChCU
005 - DATE AND TIME OF LATEST TRANSACTION
control field 20251125140353.0
008 - FIXED-LENGTH DATA ELEMENTS--GENERAL INFORMATION
fixed length control field 251125b usa ||||| |||| 00| 0 eng d
040 ## - CATALOGING SOURCE
Transcribing agency BD-ChCU
082 ## - DEWEY DECIMAL CLASSIFICATION NUMBER
Classification number 361 SKI
100 ## - MAIN ENTRY--PERSONAL NAME
Personal name Skidmore, Rex A.
9 (RLIN) 16884
245 ## - TITLE STATEMENT
Title Introduction to social work /
Statement of responsibility, etc. Rex A. Skidmore and Milton G. Thackeray
260 ## - PUBLICATION, DISTRIBUTION, ETC.
Place of publication, distribution, etc. N.Y.:
Name of publisher, distributor, etc. Appleton- Century- Crofts,
Date of publication, distribution, etc. c1964
300 ## - PHYSICAL DESCRIPTION
Extent viii, 404p.
650 #0 - SUBJECT ADDED ENTRY--TOPICAL TERM
Topical term or geographic name entry element Social Work
9 (RLIN) 16885
942 ## - ADDED ENTRY ELEMENTS (KOHA)
Source of classification or shelving scheme Dewey Decimal Classification
Koha item type Books
Suppress in OPAC No
Holdings
Withdrawn status Lost status Source of classification or shelving scheme Damaged status Not for loan Home library Current library Shelving location Date acquired Source of acquisition Total Checkouts Full call number Barcode Date last seen Price effective from Koha item type
    Dewey Decimal Classification     Chittagong University Library Chittagong University Library Business and Social Science Reading Room 11/25/2025 Purchase   361 SKI 16613 11/25/2025 11/25/2025 Books
© Copyright 2026. Chittagong University Library, Installation and Maintenance by Prof. Dr. Md. Alamgir, 01711306253